Tuyển tập Nguyễn Tuân; T1

Bewaard in:
Bibliografische gegevens
Hoofdauteur: Nguyễn Tuân
Formaat: Boek
Taal:Undetermined
Gepubliceerd in: Hà Nội Văn Học 1998
Onderwerpen:
Tags: Voeg label toe
Geen labels, Wees de eerste die dit record labelt!
Thư viện lưu trữ: Trung tâm Học liệu Trường Đại học Cần Thơ
LEADER 00584nam a2200193Ia 4500
001 CTU_31182
008 210402s9999 xx 000 0 und d
020 |b 45.000đ 
082 |a 895.9228 
082 |b T502/T1 
100 |a Nguyễn Tuân 
245 0 |a Tuyển tập Nguyễn Tuân; T1 
245 0 |c Nguyễn Tuân 
260 |a Hà Nội 
260 |b Văn Học 
260 |c 1998 
650 |a vietnamese fiction - collections,vietnamese literature - history and criticism 
904 |i Minh, 990612 
980 |a Trung tâm Học liệu Trường Đại học Cần Thơ